[Event "THA-chT Rapid"]
[Site "Bangkok"]
[Date "2021.12.14"]
[Round "5.4"]
[White "Sacar, Mohamad"]
[Black "Wiwatanadate, Poompong"]
[Result "1-0"]
[WhiteElo "2098"]
[BlackElo "1980"]
[PlyCount "95"]
[EventDate "2021.12.13"]
[EventType "team-swiss (rapid)"]
[EventRounds "9"]
[EventCountry "THA"]
[SourceTitle "CBM 205 Extra"]
[Source "ChessBase"]
[SourceDate "2022.01.31"]
[SourceVersion "1"]
[SourceVersionDate "2022.01.31"]
[SourceQuality "1"]
[WhiteTeam "Big Rook Chess Academy"]
[BlackTeam "PingPong"]
[WhiteTeamCountry "THA"]
[BlackTeamCountry "THA"]

1. Nf3 Nf6 2. d4 e6 3. c4 d5 4. e3 Be7 5. Nc3 0-0 6. Be2 Nbd7 7. 0-0 dxc4 8. Bxc4 Nb6 9. Bb3 c5 10. Qe2 Bd7 11. Rd1 Qc7 12. e4 cxd4 13. Nxd4 e5 14. Nf5 Bxf5 15. exf5 Rad8 16. Be3 Rxd1+ 17. Rxd1 Rd8 18. Nb5 Qb8 19. Bxb6 Rxd1+ 20. Qxd1 axb6 21. Qe2 Qc8 22. Qc4 Qxc4 23. Bxc4 Bc5 24. Kf1 Ne4 25. Bd5 Nxf2 26. b4 Ng4 27. bxc5 Ne3+ 28. Ke2 Nxd5 29. cxb6 Nxb6 30. Nd6 Na4 31. Kd3 b6 32. Kc4 Kf8 33. Ne4 Ke7 34. Kb5 Nb2 35. Kxb6 g6 36. g4 gxf5 37. gxf5 Nc4+ 38. Kc5 Na3 39. Kd5 f6 40. h4 Nc2 41. a4 Ne3+ 42. Kc5 Nxf5 43. a5 Kd7 44. Nxf6+ Kc7 45. h5 Ng3 46. a6 e4 47. Nd5+ Kb8 48. Kb6 1-0

[Event "THA-chT Rapid"]
[Site "Bangkok"]
[Date "2021.12.13"]
[Round "1.4"]
[White "Buranasing, Wanawee"]
[Black "Sacar, Mohamad"]
[Result "0-1"]
[WhiteElo "1339"]
[BlackElo "2098"]
[PlyCount "59"]
[EventDate "2021.12.13"]
[EventType "team-swiss (rapid)"]
[EventRounds "9"]
[EventCountry "THA"]
[SourceTitle "CBM 205 Extra"]
[Source "ChessBase"]
[SourceDate "2022.01.31"]
[SourceVersion "1"]
[SourceVersionDate "2022.01.31"]
[SourceQuality "1"]
[WhiteTeam "Happy Pawn"]
[BlackTeam "Big Rook Chess Academy"]
[WhiteTeamCountry "THA"]
[BlackTeamCountry "THA"]

1. d4 Nf6 2. c4 c6 3. Nf3 d5 4. g3 g6 5. Bg2 Bg7 6. 0-0 0-0 7. Ne5 Nbd7 8. Nc3 e6 9. f4 Nxe5 10. fxe5 Nd7 11. cxd5 exd5 12. e4 Nb6 13. a4 a5 14. exd5 cxd5 15. Qb3 Be6 16. Bf4 h6 17. Rae1 Rc8 18. Nb5 Rc4 19. Nd6 Rb4 20. Qc2 Nc4 21. Nxc4 Rxc4 22. Qd2 g5 23. Be3 Rxa4 24. Ra1 Rb4 25. Qc3 Qb6 26. Ra2 Rc8 27. Qd2 Qc7 28. Rfa1 b6 29. Bf1 Qc2 30. Qf2 0-1

[Event "THA-chT op"]
[Site "Bangkok"]
[Date "2020.12.13"]
[Round "8.3"]
[White "Asavayutphol, Pattarapong"]
[Black "Sacar, Mohamad"]
[Result "1/2-1/2"]
[WhiteElo "1318"]
[BlackElo "2071"]
[PlyCount "55"]
[EventDate "2020.12.10"]
[EventType "team-swiss"]
[EventRounds "9"]
[EventCountry "THA"]
[SourceTitle "CBM 199 Extra"]
[Source "ChessBase"]
[SourceDate "2021.01.31"]
[SourceVersion "1"]
[SourceVersionDate "2021.01.31"]
[SourceQuality "1"]
[WhiteTeam "Big Rook Team II"]
[BlackTeam "Big Rook Team"]
[WhiteTeamCountry "THA"]
[BlackTeamCountry "THA"]

1. d4 Nf6 2. c4 e6 3. g3 d5 4. Nf3 c6 5. Bg2 Nbd7 6. 0-0 Be7 7. Nbd2 c5 8. dxc5 Nxc5 9. b3 0-0 10. Bb2 b6 11. Qc2 Bb7 12. Ne5 Rc8 13. Rac1 dxc4 14. Ndxc4 Bxg2 15. Kxg2 Qd5+ 16. f3 Rfd8 17. Rfd1 Qb7 18. Qb1 h6 19. Rxd8+ Rxd8 20. Rd1 Rxd1 21. Qxd1 Qc7 22. Qd2 Na6 23. Nd3 Nd5 24. Be5 Qd8 25. e4 Nf6 26. Bc3 Qc7 27. Be5 Qd8 28. Bc3 1/2-1/2

[Event "THA-chT op"]
[Site "Bangkok"]
[Date "2020.12.11"]
[Round "3.3"]
[White "Alriyami, Faris Rashid"]
[Black "Sacar, Mohamad"]
[Result "0-1"]
[WhiteElo "1729"]
[BlackElo "2071"]
[PlyCount "102"]
[EventDate "2020.12.10"]
[EventType "team-swiss"]
[EventRounds "9"]
[EventCountry "THA"]
[SourceTitle "CBM 199 Extra"]
[Source "ChessBase"]
[SourceDate "2021.01.31"]
[SourceVersion "1"]
[SourceVersionDate "2021.01.31"]
[SourceQuality "1"]
[WhiteTeam "Red Knight CC"]
[BlackTeam "Big Rook Team"]
[WhiteTeamCountry "THA"]
[BlackTeamCountry "THA"]

1. e4 c5 2. Nf3 d6 3. Bb5+ Bd7 4. Bxd7+ Qxd7 5. 0-0 Nf6 6. e5 Nd5 7. exd6 Qxd6 8. d4 e6 9. c4 Nf6 10. Nc3 a6 11. Qa4+ Qd7 12. Nb5 Nc6 13. dxc5 Bxc5 14. Rd1 Qc8 15. Nd6+ Bxd6 16. Rxd6 Ne4 17. Rd1 0-0 18. Qc2 f5 19. a3 a5 20. b3 e5 21. Bb2 Qe6 22. Rd5 Nf6 23. Rad1 e4 24. Ng5 Qc8 25. Rd6 Qe8 26. Ne6 Rf7 27. Qd2 e3 28. Qxe3 Ne4 29. Qf4 Nxd6 30. Qxd6 Re7 31. Qg3 Qg6 32. Ng5 h6 33. Nh3 Qxg3 34. hxg3 Rd8 35. Rxd8+ Nxd8 36. Kf1 g5 37. f3 Re3 38. Bf6 Nc6 39. g4 fxg4 40. fxg4 Rxb3 41. Nf2 Kf7 42. Bh8 Rxa3 43. Ne4 Rb3 44. Nc3 Rb4 45. Nb5 Ke7 46. Bg7 Rxc4 47. Bxh6 Rxg4 48. Nc3 Kf7 49. Nd5 a4 50. Ne3 Rf4+ 51. Ke2 Kg6 0-1

[Event "THA-chT op"]
[Site "Bangkok"]
[Date "2020.12.10"]
[Round "2.3"]
[White "Sacar, Mohamad"]
[Black "Silva, Winston Joseph R"]
[Result "1-0"]
[WhiteElo "2071"]
[BlackElo "1892"]
[PlyCount "56"]
[EventDate "2020.12.10"]
[EventType "team-swiss"]
[EventRounds "9"]
[EventCountry "THA"]
[SourceTitle "CBM 199 Extra"]
[Source "ChessBase"]
[SourceDate "2021.01.31"]
[SourceVersion "1"]
[SourceVersionDate "2021.01.31"]
[SourceQuality "1"]
[WhiteTeam "Big Rook Team"]
[BlackTeam "JCA Anglo"]
[WhiteTeamCountry "THA"]
[BlackTeamCountry "THA"]

1. Nf3 Nf6 2. c4 d5 3. d4 dxc4 4. Nc3 c6 5. a4 g6 6. e4 Bg7 7. Bxc4 0-0 8. h3 b6 9. 0-0 Bb7 10. Re1 Ne8 11. Bf4 Ba6 12. Ba2 Nc7 13. Be5 Bh6 14. h4 Bc8 15. h5 Bg4 16. hxg6 hxg6 17. Qd3 Nd7 18. Bg3 Nf6 19. Ne5 Ne6 20. Nxc6 Qd7 21. d5 Nc5 22. Qc2 Qb7 23. b4 Na6 24. f3 Bc8 25. Bh4 Qc7 26. e5 Bf5 27. Qb2 g5 28. exf6 Bc8 1-0

[Event "Bangkok Chinese New Year op"]
[Site "Bangkok"]
[Date "2020.01.25"]
[Round "1"]
[White "Sacar, Mohamad"]
[Black "Chongstitwattana, Cholapat"]
[Result "1-0"]
[WhiteElo "2080"]
[BlackElo "1400"]
[PlyCount "59"]
[EventDate "2020.01.25"]
[EventType "swiss (rapid)"]
[EventRounds "9"]
[EventCountry "THA"]
[SourceTitle "CBM 194 Extra"]
[Source "ChessBase"]
[SourceDate "2020.03.31"]
[SourceVersion "1"]
[SourceVersionDate "2020.03.31"]
[SourceQuality "1"]

1. Nf3 e6 2. d4 f5 3. g3 Nf6 4. Bg2 Be7 5. 0-0 0-0 6. c4 Ne4 7. Nbd2 d6 8. Qc2 Nxd2 9. Bxd2 a5 10. e4 fxe4 11. Qxe4 d5 12. Qe2 Bf6 13. Rfe1 c5 14. Bc3 Nc6 15. Rad1 Qc7 16. dxc5 Bxc3 17. bxc3 Ne7 18. Ng5 Qxc5 19. Nxe6 Bxe6 20. Qxe6+ Kh8 21. Qxe7 Qxf2+ 22. Kh1 Qxa2 23. cxd5 Rf2 24. Qe8+ Rf8 25. Qe2 Qb3 26. d6 Qxc3 27. d7 Qc7 28. Qe7 Rad8 29. Qxf8+ Rxf8 30. Re8 1-0

[Event "Bangkok Chinese New Year op"]
[Site "Bangkok"]
[Date "2020.01.25"]
[Round "4"]
[White "Salvador, Louie"]
[Black "Sacar, Mohamad"]
[Result "0-1"]
[WhiteElo "2108"]
[BlackElo "2080"]
[PlyCount "78"]
[EventDate "2020.01.25"]
[EventType "swiss (rapid)"]
[EventRounds "9"]
[EventCountry "THA"]
[SourceTitle "CBM 194 Extra"]
[Source "ChessBase"]
[SourceDate "2020.03.31"]
[SourceVersion "1"]
[SourceVersionDate "2020.03.31"]
[SourceQuality "1"]

1. e4 c5 2. Nf3 d6 3. d4 cxd4 4. Nxd4 Nf6 5. Nc3 a6 6. f3 e5 7. Nb3 Be6 8. Be3 Be7 9. Qd2 Nbd7 10. g4 b5 11. g5 Nh5 12. 0-0-0 Nb6 13. Nd5 Nxd5 14. exd5 Bd7 15. Na5 Qc7 16. Kb1 0-0 17. c4 Bd8 18. Nc6 Bxc6 19. dxc6 Qxc6 20. cxb5 axb5 21. Qd5 Qc8 22. Bxb5 Bxg5 23. Bxg5 Qf5+ 24. Bd3 Qxg5 25. Qxd6 Rad8 26. Qc5 Nf4 27. Bc4 Rc8 28. Qa3 Rxc4 29. Rhg1 Qf5+ 30. Ka1 g6 31. Qe7 Ne6 32. Qd7 Rfc8 33. a3 R4c7 34. Qd5 Rc5 35. Qd6 Nd4 36. Qe7 Rb5 37. f4 Qc2 38. Rb1 Nb3+ 39. Ka2 Qc4 0-1

[Event "Pattaya op"]
[Site "Pattaya"]
[Date "2018.10.30"]
[Round "8"]
[White "Sacar, Mohamad"]
[Black "Goh, Zi Han"]
[Result "0-1"]
[WhiteElo "2147"]
[BlackElo "1786"]
[PlyCount "62"]
[EventDate "2018.10.24"]
[EventType "swiss"]
[EventRounds "9"]
[EventCountry "THA"]
[SourceTitle "CBM 187 Extra"]
[Source "ChessBase"]
[SourceDate "2018.11.04"]
[SourceVersion "1"]
[SourceVersionDate "2018.11.04"]
[SourceQuality "1"]

1. Nf3 d5 2. d4 Nf6 3. c4 c6 4. Nc3 e6 5. Bg5 Be7 6. e3 Nbd7 7. c5 0-0 8. Be2 b6 9. b4 a5 10. a3 Ba6 11. 0-0 Bxe2 12. Qxe2 h6 13. Bh4 bxc5 14. bxc5 e5 15. Bxf6 Bxf6 16. Na4 Re8 17. Qc2 Qc7 18. Rab1 Rab8 19. h3 g6 20. dxe5 Bxe5 21. Rfd1 Bf6 22. g3 Kg7 23. Kg2 Qa7 24. Nd4 Bxd4 25. exd4 Rxb1 26. Rxb1 Qa6 27. Rb2 Re1 28. g4 Qf1+ 29. Kg3 Qg1+ 30. Kf3 Qh1+ 31. Kg3 g5 0-1

[Event "Olongapo City Puregold op-B"]
[Site "Olongapo City"]
[Date "2015.11.20"]
[Round "7"]
[White "Florendo, Patrick Erle"]
[Black "Sacar, Mohamad"]
[Result "0-1"]
[WhiteElo "2054"]
[BlackElo "2120"]
[PlyCount "80"]
[EventDate "2015.11.17"]
[EventType "swiss"]
[EventRounds "9"]
[EventCountry "PHI"]
[SourceTitle "EXT 2017"]
[Source "ChessBase"]
[SourceDate "2016.10.25"]
[SourceVersion "1"]
[SourceVersionDate "2016.10.25"]
[SourceQuality "1"]

1. c4 Nf6 2. Nc3 e6 3. e4 c5 4. g3 Nc6 5. Bg2 d6 6. Nge2 Be7 7. 0-0 e5 8. d3 h6 9. f4 Nd4 10. Nxd4 cxd4 11. Ne2 Bd7 12. h3 a5 13. a4 Bc6 14. g4 Nd7 15. Ng3 g6 16. Qf3 Rh7 17. fxe5 Nxe5 18. Qd1 Qb6 19. Kh1 Bg5 20. Ne2 Bd7 21. Nf4 Be6 22. Rb1 h5 23. gxh5 Bxf4 24. Bxf4 Rxh5 25. Bxe5 dxe5 26. Rf6 0-0-0 27. b4 axb4 28. c5 Qa5 29. Rxe6 fxe6 30. Rc1 Rh7 31. Qb3 Re8 32. Rc4 Rc7 33. Rxb4 Qxc5 34. Rc4 Qd6 35. Rb4 Rc1+ 36. Kh2 Qf8 37. Rc4+ Rxc4 38. Qxc4+ Kb8 39. Qc2 Qf4+ 40. Kg1 Rc8 0-1

[Event "Olongapo City Puregold op-B"]
[Site "Olongapo City"]
[Date "2015.11.20"]
[Round "6"]
[White "Sacar, Mohamad"]
[Black "Talan, Walt Allen"]
[Result "1-0"]
[WhiteElo "2120"]
[BlackElo "2040"]
[PlyCount "87"]
[EventDate "2015.11.17"]
[EventType "swiss"]
[EventRounds "9"]
[EventCountry "PHI"]
[SourceTitle "EXT 2017"]
[Source "ChessBase"]
[SourceDate "2016.10.25"]
[SourceVersion "1"]
[SourceVersionDate "2016.10.25"]
[SourceQuality "1"]

1. Nf3 Nf6 2. c4 c5 3. Nc3 Nc6 4. g3 g6 5. Bg2 Bg7 6. 0-0 0-0 7. e4 d6 8. h3 Rb8 9. d4 cxd4 10. Nxd4 Nxe4 11. Nxc6 Nxc3 12. Nxe7+ Qxe7 13. bxc3 Bxc3 14. Bh6 Re8 15. Rc1 Qf6 16. h4 Be5 17. Bg5 Qg7 18. Qa4 Bf5 19. Qxa7 Bd4 20. Qa4 Bd3 21. Rfe1 Bxf2+ 22. Kxf2 Qd4+ 23. Kf3 b5 24. Qd1 bxc4 25. g4 h5 26. gxh5 gxh5 27. Kg3 Rxe1 28. Qxe1 Qg4+ 29. Kh2 Rb2 30. Qe8+ Kg7 31. Bh6+ Kxh6 32. Qh8+ Kg6 33. Qxb2 Qxh4+ 34. Kg1 Qg3 35. Qf2 Qe5 36. Re1 Qg5 37. Qd4 h4 38. Qxd6+ f6 39. Qd5 Qg3 40. Qg8+ Kf5 41. Qxg3 hxg3 42. a4 Kg4 43. a5 c3 44. Bb7 1-0

[Event "Olongapo City Puregold op-B"]
[Site "Olongapo City"]
[Date "2015.11.19"]
[Round "5"]
[White "Morado, Jeth Romy"]
[Black "Sacar, Mohamad"]
[Result "1/2-1/2"]
[WhiteElo "2065"]
[BlackElo "2120"]
[PlyCount "102"]
[EventDate "2015.11.17"]
[EventType "swiss"]
[EventRounds "9"]
[EventCountry "PHI"]
[SourceTitle "EXT 2017"]
[Source "ChessBase"]
[SourceDate "2016.10.25"]
[SourceVersion "1"]
[SourceVersionDate "2016.10.25"]
[SourceQuality "1"]

1. d4 Nf6 2. Nf3 g6 3. Nc3 Bg7 4. e4 d6 5. Be3 c5 6. dxc5 Qa5 7. cxd6 Nxe4 8. Bd4 e5 9. Qe2 0-0 10. Qxe4 exd4 11. Nxd4 Nc6 12. 0-0-0 Nxd4 13. Rxd4 Bf5 14. Qd5 Qb6 15. Rd1 Rac8 16. Bd3 Be6 17. Qb5 Qxd6 18. Ne4 Qd4 19. a3 a6 20. Qb4 Qd5 21. f4 a5 22. Qb5 Qa2 23. c3 f5 24. Bb1 Qa1 25. Nd6 Bxc3 26. Nxc8 Rxc8 27. Qxb7 Bxb2+ 28. Kd2 Qxa3 29. Ke2 Re8 30. Kf2 Qc5+ 31. Kg3 Qe3+ 32. Qf3 Qxf3+ 33. Kxf3 a4 34. Rhe1 Bd5+ 35. Kf2 Rxe1 36. Kxe1 Bxg2 37. Rd7 a3 38. Ba2+ Kh8 39. Kd2 Be4 40. Ra7 h6 41. h4 Bf6 42. h5 gxh5 43. Rxa3 h4 44. Ke2 Kg7 45. Kf1 Kg6 46. Bc4 Be7 47. Ra6+ Kg7 48. Ra7 Kf6 49. Ra6+ Kg7 50. Ra7 Kf6 51. Ra6+ Kg7 1/2-1/2

[Event "Olongapo City Puregold op-B"]
[Site "Olongapo City"]
[Date "2015.11.17"]
[Round "1"]
[White "Literatus, Austin Jacob"]
[Black "Sacar, Mohamad"]
[Result "1-0"]
[WhiteElo "2098"]
[BlackElo "2120"]
[PlyCount "66"]
[EventDate "2015.11.17"]
[EventType "swiss"]
[EventRounds "9"]
[EventCountry "PHI"]
[SourceTitle "EXT 2017"]
[Source "ChessBase"]
[SourceDate "2016.10.25"]
[SourceVersion "1"]
[SourceVersionDate "2016.10.25"]
[SourceQuality "1"]

1. d4 Nf6 2. c4 d6 3. Nc3 g6 4. Nf3 Bg7 5. e4 0-0 6. Be2 e5 7. 0-0 Nbd7 8. d5 a5 9. Nd2 Ne8 10. a3 f5 11. Rb1 Nef6 12. b4 b6 13. exf5 gxf5 14. f4 axb4 15. axb4 exf4 16. Rxf4 Ne5 17. Nb3 Ng6 18. Rf1 Ne4 19. Nxe4 fxe4 20. Be3 Rxf1+ 21. Bxf1 Ra2 22. Nd2 Ra3 23. Rb3 Ra1 24. Qe2 Qe7 25. Rb1 Ra8 26. c5 bxc5 27. bxc5 dxc5 28. Qc4 Qe5 29. Qxc5 Bf5 30. Nc4 Qe7 31. d6 Qf7 32. dxc7 Rc8 33. Nd6 Bf8 1-0